L' EVANGILE DE LUC. PROBLEMES LITTERAIRES ET THEOLOGIQUES

Sábháilte in:
Sonraí bibleagrafaíochta
Údar corparáideach: Neirynck, F.
Formáid: LEABHAR
Clibeanna: Cuir clib leis
Níl clibeanna ann, Bí ar an gcéad duine le clib a chur leis an taifead seo!

MARC

LEADER 00000nam^a2200000^a^4500
001 000208927
005 20250521000000.0
009 20260310103305.254
035 |a 002789 
037 |a Acervo Xavier Clavigero 
082 |a 227. 4 NEI 
110 |a Neirynck, F. 
245 1 3 |a L' EVANGILE DE LUC. PROBLEMES LITTERAIRES ET THEOLOGIQUES 
264 |a BELGIQUE :  |b J.DUCULOT, S.A.,  |c 1973 
336 |a texto  |b txt  |2 rdacontenido 
337 |a sin mediación  |b n  |2 rdamedio 
338 |a volumen  |b nc  |2 rdasoporte 
649 |a XX 
910 |a Fondo General 
920 |a Impresos - Libros 
930 |a Colección General 
905 |a 101 
901 |a 002789  |b IT1  |c ACC  |i 002789  |u 20250521 
902 |a https://opac.biblio.iteso.mx/vufind/Record/000208927